[Event "European Club Cup 2006"]
[Site "Fuegen AUT"]
[Date "2006.10.11"]
[Round "4.85"]
[White "Bromann, Thorbjorn"]
[Black "Gabriel, Christian"]
[Result "0-1"]
[WhiteElo "2379"]
[BlackElo "2540"]
[PlyCount "134"]
[EventDate "2006.10.08"]
[EventType "team"]
[EventRounds "7"]
[EventCountry "AUT"]
[Source "lmi"]
[SourceDate "2006.10.08"]

1. c4 e6 2. g3 d5 3. Bg2 Nf6 4. Nf3 Be7 5. O-O O-O 6. Qc2 c5 7. d4 cxd4 8. Nxd4
Nc6 9. Nxc6 bxc6 10. Rd1 Qa5 11. b3 Ba6 12. Bd2 Qb6 13. Be3 Qb4 14. Bd2 Qb7 15.
Ba5 Rac8 16. Nd2 Qb8 17. e3 c5 18. cxd5 exd5 19. e4 Qb5 20. Bc3 d4 21. Bf1 Qb6
22. Bxa6 Qxa6 23. Bb2 Qe6 24. Qc4 Qc6 25. f3 Nd7 26. Rac1 Qb7 27. Qe2 Rc6 28.
Nc4 Re6 29. Qd3 Re8 30. Rc2 Bd8 31. Bc1 Bc7 32. Rf2 h5 33. Bf4 h4 34. Qd2 hxg3
35. hxg3 Rg6 36. Rg2 Nf6 37. Bxc7 Qxc7 38. e5 Nd5 39. f4 Qd7 40. Qd3 Qg4 41.
Rf1 Rd8 42. Qf3 Qxf3 43. Rxf3 Rg4 44. Nd6 Ne3 45. Rd2 f6 46. Ne4 Re8 47. Nf2
Rg6 48. Nd3 fxe5 49. fxe5 Rc6 50. Rdf2 a5 51. a4 Rb8 52. e6 Rxe6 53. Nxc5 Rc6
54. Nd7 Rxb3 55. Rf8+ Kh7 56. Rh2+ Rh6 57. Rxh6+ Kxh6 58. Ne5 Rb1+ 59. Kh2 Rd1
60. Rd8 Kh5 61. Rd7 Ng4+ 62. Nxg4 Kxg4 63. Rxg7+ Kf3 64. Ra7 d3 65. Rxa5 d2 66.
Rd5 Ke3 67. g4 Ra1 0-1

[Event "European Club Cup 2006"]
[Site "Fuegen AUT"]
[Date "2006.10.11"]
[Round "4.86"]
[White "Jenni, Florian"]
[Black "Brinck Claussen, Bjorn"]
[Result "1/2-1/2"]
[WhiteElo "2521"]
[BlackElo "2361"]
[PlyCount "48"]
[EventDate "2006.10.08"]
[EventType "team"]
[EventRounds "7"]
[EventCountry "AUT"]
[Source "lmi"]
[SourceDate "2006.10.08"]

1. e4 e5 2. Nf3 Nc6 3. Bb5 a6 4. Bxc6 dxc6 5. O-O f6 6. d4 exd4 7. Nxd4 c5 8.
Ne2 Qxd1 9. Rxd1 Bd7 10. Nbc3 O-O-O 11. Be3 Re8 12. Rd2 Bc6 13. Rad1 b6 14. f3
Ne7 15. Nf4 Ng6 16. Nxg6 hxg6 17. Nd5 Bxd5 18. Rxd5 Bd6 19. Rxd6 cxd6 20. Rxd6
Kb7 21. Rd7+ Kc6 22. Rxg7 Rhg8 23. Rxg8 Rxg8 24. Kf2 Rh8 1/2-1/2

[Event "European Club Cup 2006"]
[Site "Fuegen AUT"]
[Date "2006.10.11"]
[Round "4.88"]
[White "Hug, Werner"]
[Black "Aabling Thomsen, Jakob"]
[Result "1-0"]
[WhiteElo "2440"]
[BlackElo "2276"]
[PlyCount "117"]
[EventDate "2006.10.08"]
[EventType "team"]
[EventRounds "7"]
[EventCountry "AUT"]
[Source "lmi"]
[SourceDate "2006.10.08"]

1. d4 g6 2. Nf3 Bg7 3. c3 f5 4. g3 Nf6 5. Qb3 d5 6. Bg2 c6 7. O-O Nbd7 8. c4 e6
9. Bf4 O-O 10. Nc3 Ne4 11. Rad1 Kh8 12. h4 h6 13. Qa3 g5 14. hxg5 hxg5 15. Nxe4
fxe4 16. Nxg5 Qe8 17. Bd6 Rf6 18. f3 Nb6 19. b3 Rg6 20. Qc1 Bh6 21. f4 Nd7 22.
Bh3 Nf6 23. Be5 Kg8 24. Kg2 Qe7 25. Rh1 Nd7 26. cxd5 Nxe5 27. d6 Qg7 28. dxe5
Bxg5 29. fxg5 Bd7 30. Qf4 Rxg5 31. Rhf1 Rxe5 32. Qh4 Qg5 33. Qxg5+ Rxg5 34. Rf4
Rf8 35. Rxe4 Rf6 36. Rg4 Rxg4 37. Bxg4 Kg7 38. b4 Rg6 39. Bf3 Kf6 40. a4 Rg5
41. Rc1 a6 42. Kf2 Rg8 43. a5 Ke5 44. Rd1 Rd8 45. Ke3 Be8 46. g4 Rxd6 47. Rxd6
Kxd6 48. Kf4 c5 49. bxc5+ Kxc5 50. Bxb7 Kb5 51. Bc8 Kxa5 52. g5 Kb6 53. Ke5 a5
54. Kf6 a4 55. g6 a3 56. Bxe6 Bxg6 57. Kxg6 Kc5 58. Kf5 Kd4 59. e4 1-0

[Event "European Club Cup 2006"]
[Site "Fuegen AUT"]
[Date "2006.10.11"]
[Round "4.89"]
[White "Petersen, Steen"]
[Black "Hess, Ralf"]
[Result "1/2-1/2"]
[WhiteElo "2147"]
[BlackElo "2340"]
[PlyCount "42"]
[EventDate "2006.10.08"]
[EventType "team"]
[EventRounds "7"]
[EventCountry "AUT"]
[Source "lmi"]
[SourceDate "2006.10.08"]

1. e4 e5 2. Nf3 Nc6 3. d4 exd4 4. Bc4 Nf6 5. e5 d5 6. Bb5 Ne4 7. Nxd4 Bd7 8.
Bxc6 bxc6 9. O-O Bc5 10. Be3 Qe7 11. f3 Ng5 12. f4 Ne4 13. Nd2 f5 14. c3 O-O
15. Qe2 Bb6 16. N4b3 c5 17. Nxe4 fxe4 18. Qf2 c4 19. Nc5 Bf5 20. Bd4 Rf7 21. b3
cxb3 1/2-1/2

[Event "European Club Cup 2006"]
[Site "Fuegen AUT"]
[Date "2006.10.11"]
[Round "4.90"]
[White "Bezold, Michael"]
[Black "Lehtivaara, Petri"]
[Result "1-0"]
[WhiteElo "2535"]
[BlackElo "2381"]
[PlyCount "159"]
[EventDate "2006.10.08"]
[EventType "team"]
[EventRounds "7"]
[EventCountry "AUT"]
[Source "lmi"]
[SourceDate "2006.10.08"]

1. g3 d5 2. Bg2 e6 3. Nf3 f5 4. O-O Nf6 5. d3 Be7 6. Nbd2 O-O 7. c4 c5 8. cxd5
exd5 9. d4 Nc6 10. dxc5 Bxc5 11. Nb3 Bb6 12. Bg5 h6 13. Bxf6 Rxf6 14. e3 Be6
15. Rc1 Bf7 16. Nbd4 Qd6 17. Qd3 g6 18. a3 Rd8 19. Rfd1 Qe7 20. b4 Rfd6 21.
Nxc6 bxc6 22. Nd4 Qf6 23. Qc3 Be8 24. a4 Kg7 25. a5 Bxd4 26. Rxd4 Re6 27. Qd3
Qe7 28. Rc5 Kh7 29. Bf3 Re5 30. Qc3 Rd6 31. Rd2 Ree6 32. b5 cxb5 33. Bxd5 b4
34. Qxb4 Rf6 35. Qc3 Rd7 36. Rd4 Rfd6 37. h4 h5 38. Bf3 Bf7 39. Rxd6 Qxd6 40.
Rc8 Bg8 41. Be2 Rg7 42. Bf3 Rd7 43. Qb2 Qe7 44. Rb8 Qg7 45. Qb1 Bc4 46. Kg2 Ba6
47. Bc6 Re7 48. Qb4 Qf6 49. Bf3 Rc7 50. Qa3 Re7 51. Rd8 Bb7 52. Bxb7 Rxb7 53.
Qd6 Qg7 54. Qd4 Re7 55. Qxg7+ Kxg7 56. Rd6 Kf7 57. Ra6 Kg7 58. Kf3 Kh6 59. Ke2
Rd7 60. Ke1 Kg7 61. Kf1 Kh7 62. Ke2 Kh6 63. f3 Kg7 64. e4 fxe4 65. fxe4 Rb7 66.
Ke3 Kh6 67. e5 Rb3+ 68. Kf4 Rb4+ 69. Kf3 Rb3+ 70. Kf4 Rb4+ 71. Ke3 Rb3+ 72. Ke4
Rxg3 73. Rxa7 Rg4+ 74. Kf3 Rxh4 75. e6 Rh1 76. e7 Re1 77. Kf2 Re6 78. Rc7 h4
79. a6 h3 80. a7 1-0

[Event "European Club Cup 2006"]
[Site "Fuegen AUT"]
[Date "2006.10.11"]
[Round "4.91"]
[White "Hentunen, Asko"]
[Black "Atlas, Valery"]
[Result "0-1"]
[WhiteElo "2336"]
[BlackElo "2482"]
[PlyCount "76"]
[EventDate "2006.10.08"]
[EventType "team"]
[EventRounds "7"]
[EventCountry "AUT"]
[Source "lmi"]
[SourceDate "2006.10.08"]

1. g3 Nf6 2. c4 c5 3. Bg2 e6 4. Nc3 a6 5. b3 Be7 6. Bb2 O-O 7. f4 d5 8. d3 d4
9. Ne4 Ng4 10. Bc1 f5 11. h3 Ne3 12. Bxe3 dxe3 13. Nc3 Bf6 14. Qc2 Qa5 15. Rc1
Ra7 16. Kf1 b6 17. Nd1 Bd4 18. Rb1 b5 19. Nf3 b4 20. Ne1 g5 21. Bf3 Rg7 22. Qc1
gxf4 23. gxf4 Qc7 24. Nxe3 Qxf4 25. N3g2 Qg3 26. e3 Bc3 27. Qc2 e5 28. Qf2 e4
29. Qxg3 Rxg3 30. Be2 f4 31. Nxf4 Rxe3 32. Neg2 Bxh3 33. Kf2 Bxg2 34. Kxe3 Bd4+
35. Kd2 Bxh1 36. Ne6 e3+ 37. Kc2 Rf2 38. Rg1+ Rg2 0-1

[Event "European Club Cup 2006"]
[Site "Fuegen AUT"]
[Date "2006.10.11"]
[Round "4.92"]
[White "Novkovic, Milan"]
[Black "Pulkkinen, Kari"]
[Result "1/2-1/2"]
[WhiteElo "2417"]
[BlackElo "2328"]
[PlyCount "70"]
[EventDate "2006.10.08"]
[EventType "team"]
[EventRounds "7"]
[EventCountry "AUT"]
[Source "lmi"]
[SourceDate "2006.10.08"]

1. Nf3 c5 2. c4 Nc6 3. Nc3 g6 4. e3 Nf6 5. d4 cxd4 6. exd4 d5 7. cxd5 Nxd5 8.
Qb3 Nb6 9. d5 Nb8 10. Be2 Bg7 11. Bg5 O-O 12. Rd1 h6 13. Bh4 N8d7 14. O-O Nf6
15. Rfe1 a5 16. a4 Qd6 17. Bxf6 exf6 18. Ne4 Qb4 19. Qxb4 axb4 20. Bb5 Bg4 21.
Nc5 Rfc8 22. Nxb7 Bd7 23. Nd6 Rd8 24. b3 Bxb5 25. Nxb5 Nxd5 26. Rxd5 Rxd5 27.
Nc7 Rad8 28. Nxd5 Rxd5 29. Kf1 f5 30. Ke2 Rc5 31. Rd1 Rc2+ 32. Rd2 Rc3 33. Rd3
Rc2+ 34. Rd2 Rc3 35. Rd3 Rc2+ 1/2-1/2

[Event "European Club Cup 2006"]
[Site "Fuegen AUT"]
[Date "2006.10.11"]
[Round "4.93"]
[White "Tolonen, Mikko"]
[Black "Gaertner, Guntram"]
[Result "1/2-1/2"]
[WhiteElo "2248"]
[BlackElo "2331"]
[PlyCount "112"]
[EventDate "2006.10.08"]
[EventType "team"]
[EventRounds "7"]
[EventCountry "AUT"]
[Source "lmi"]
[SourceDate "2006.10.08"]

1. e4 c6 2. d4 d5 3. Nc3 dxe4 4. Nxe4 Bf5 5. Ng3 Bg6 6. h4 h6 7. N1e2 e6 8. Nf4
Bh7 9. Be3 Nf6 10. Bd3 Bxd3 11. Qxd3 Bd6 12. O-O-O Nbd7 13. Kb1 Qc7 14. Nfe2
O-O-O 15. Ne4 Nxe4 16. Qxe4 Nf6 17. Qf3 Qa5 18. c4 Qh5 19. Qxh5 Nxh5 20. d5
exd5 21. cxd5 c5 22. Rc1 Kb8 23. Bxc5 Bxc5 24. Rxc5 Rhe8 25. Nc3 Nf4 26. g3 b6
27. Rb5 Ne2 28. Rd1 Nxc3+ 29. bxc3 Kc7 30. Rb4 Re5 31. Rbd4 Kd6 32. c4 Kc5 33.
Rf4 f5 34. Rc1 g5 35. hxg5 hxg5 36. Rf3 g4 37. Rf4 Rf8 38. Kb2 Re4 39. Kb3 Rxf4
40. gxf4 Re8 41. Rd1 Kd6 42. Rh1 b5 43. Rh6+ Kc5 44. Rc6+ Kd4 45. d6 bxc4+ 46.
Rxc4+ Kd3 47. Rc3+ Kd4 48. Re3 Rd8 49. Re6 Kd5 50. Re5+ Kxd6 51. Rxf5 Re8 52.
Rg5 Re2 53. Rxg4 Rxf2 54. Rg6+ Ke7 55. Rg7+ Ke6 56. Rxa7 Rxf4 1/2-1/2

[Event "European Club Cup 2006"]
[Site "Fuegen AUT"]
[Date "2006.10.11"]
[Round "4.94"]
[White "Grabher, Heinz"]
[Black "Nieminen, Kari"]
[Result "1/2-1/2"]
[WhiteElo "2311"]
[BlackElo "2197"]
[PlyCount "88"]
[EventDate "2006.10.08"]
[EventType "team"]
[EventRounds "7"]
[EventCountry "AUT"]
[Source "lmi"]
[SourceDate "2006.10.08"]

1. e4 c5 2. Nf3 g6 3. d4 Bg7 4. Nc3 Qa5 5. Be3 Nf6 6. Qd2 Nc6 7. Be2 cxd4 8.
Nxd4 Nxe4 9. Nxc6 Qxc3 10. bxc3 Nxd2 11. Nxe7 Kxe7 12. Kxd2 d5 13. Rab1 b6 14.
a4 Rd8 15. Bf3 Bf5 16. Rhe1 Kf8 17. Rb4 Rac8 18. Bd4 Be6 19. Be2 Bh6+ 20. Kd1
Bg7 21. Bd3 Rxc3 22. Bxg7+ Kxg7 23. Kd2 Rc5 24. Ra1 Rdc8 25. a5 bxa5 26. Rba4
Kf6 27. Rxa5 Rxa5 28. Rxa5 Rc7 29. f4 h6 30. g3 Rd7 31. Ke3 g5 32. fxg5+ hxg5
33. h4 gxh4 34. gxh4 Ke5 35. c4 f5 36. cxd5 f4+ 37. Kd2 Bxd5 38. h5 Kf6 39. Ke2
Kg7 40. Kf2 Bf7 41. Be2 Bd5 42. Bg4 Rd6 43. Rxa7+ Kh6 44. Ra5 Bb7 1/2-1/2

[Event "European Club Cup 2006"]
[Site "Fuegen AUT"]
[Date "2006.10.11"]
[Round "4.95"]
[White "Salimaki, Janne"]
[Black "Atlas, Dmitry"]
[Result "1/2-1/2"]
[WhiteElo "2173"]
[BlackElo "2294"]
[PlyCount "40"]
[EventDate "2006.10.08"]
[EventType "team"]
[EventRounds "7"]
[EventCountry "AUT"]
[Source "lmi"]
[SourceDate "2006.10.08"]

1. d4 e6 2. Nf3 d5 3. c4 c6 4. Bg5 Be7 5. Bxe7 Qxe7 6. e3 Nf6 7. Nc3 O-O 8. Rc1
Nbd7 9. Bd3 dxc4 10. Bxc4 e5 11. O-O e4 12. Nd2 Nb6 13. Bb3 Nbd5 14. Nxd5 cxd5
15. Qc2 Bg4 16. Qc7 Qb4 17. Qc3 Qe7 18. Qc7 Qb4 19. Qc3 Qe7 20. Qc7 Qb4 1/2-1/2

[Event "European Club Cup 2006"]
[Site "Fuegen AUT"]
[Date "2006.10.11"]
[Round "4.103"]
[White "Berend, Fred"]
[Black "Eliet, Nicolas"]
[Result "1/2-1/2"]
[WhiteElo "2354"]
[BlackElo "2439"]
[PlyCount "105"]
[EventDate "2006.10.08"]
[EventType "team"]
[EventRounds "7"]
[EventCountry "AUT"]
[Source "lmi"]
[SourceDate "2006.10.08"]

1. e4 c6 2. c4 d5 3. cxd5 cxd5 4. exd5 Nf6 5. Qa4+ Nbd7 6. Nc3 g6 7. Bc4 Bg7 8.
d3 O-O 9. Nf3 a6 10. Qa3 Nb6 11. Qb3 Nbd7 12. a4 Nc5 13. Qa3 b6 14. O-O Bb7 15.
Bg5 h6 16. Bxf6 Bxf6 17. d4 Nd7 18. Qb3 Rc8 19. Rac1 Qc7 20. Ne2 Qd6 21. Ng3
Bg7 22. Ne4 Qf4 23. Rce1 Qc7 24. Bd3 Nf6 25. Nxf6+ exf6 26. Re3 Rfd8 27. Qb4
Bf8 28. Qd2 a5 29. b3 Bd6 30. Re2 Bf4 31. Qd1 Bxd5 32. Be4 Bxe4 33. Rxe4 f5 34.
Re2 Qc3 35. g3 Bg5 36. Nxg5 hxg5 37. Re3 Qb4 38. d5 Qd6 39. Qd2 Rc5 40. Rd1
Rxd5 41. Qxd5 Qxd5 42. Re8+ Rxe8 43. Rxd5 g4 44. Rb5 Re6 45. Kg2 Kg7 46. h3
gxh3+ 47. Kxh3 Kf6 48. b4 axb4 49. Rxb4 Ke5 50. Rb5+ Ke4 51. Kg2 Kd4 52. a5
bxa5 53. Rxa5 1/2-1/2

[Event "European Club Cup 2006"]
[Site "Fuegen AUT"]
[Date "2006.10.11"]
[Round "4.104"]
[White "Laurent, Bruno"]
[Black "Niklasch, Oliver"]
[Result "1/2-1/2"]
[WhiteElo "2400"]
[BlackElo "2419"]
[PlyCount "41"]
[EventDate "2006.10.08"]
[EventType "team"]
[EventRounds "7"]
[EventCountry "AUT"]
[Source "lmi"]
[SourceDate "2006.10.08"]

1. e4 c6 2. c4 d5 3. exd5 Nf6 4. Nc3 cxd5 5. cxd5 Nxd5 6. Nf3 Nc6 7. Bb5 e6 8.
O-O Be7 9. d4 O-O 10. Qe2 Qd6 11. Rd1 Bd7 12. Ne4 Qc7 13. Bg5 f6 14. Bd2 Rad8
15. Nc5 Nxd4 16. Nxd4 Bxc5 17. Rac1 Qe5 18. Bxd7 Bxd4 19. Bxe6+ Kh8 20. Qxe5
fxe5 21. Be1 1/2-1/2

[Event "European Club Cup 2006"]
[Site "Fuegen AUT"]
[Date "2006.10.11"]
[Round "4.105"]
[White "Pucher, Olivier"]
[Black "Bergez, Luc"]
[Result "1-0"]
[WhiteElo "2306"]
[BlackElo "2395"]
[PlyCount "121"]
[EventDate "2006.10.08"]
[EventType "team"]
[EventRounds "7"]
[EventCountry "AUT"]
[Source "lmi"]
[SourceDate "2006.10.08"]

1. d4 c5 2. d5 e6 3. c4 exd5 4. cxd5 d6 5. Nc3 Be7 6. e4 Bf6 7. Bd3 Ne7 8. Nge2
Ng6 9. O-O O-O 10. Be3 a6 11. a4 Nd7 12. Ng3 Re8 13. f4 Rb8 14. Qd2 Qc7 15. Nh5
Bd8 16. e5 c4 17. Be4 dxe5 18. f5 Nf4 19. a5 Nxh5 20. d6 Qxa5 21. Rxa5 Bxa5 22.
Qd5 b5 23. Qd1 Nhf6 24. Bc6 Rd8 25. g4 h6 26. h4 Bb6 27. Bxb6 Rxb6 28. Bd5 b4
29. Na4 Nxd5 30. Qxd5 Nf6 31. Qxe5 Nxg4 32. Qe7 Rbxd6 33. Nb6 Rd3 34. Rf3 Rd1+
35. Kg2 R8d2+ 36. Kh3 Rg1 37. Rg3 Nf2+ 38. Kh2 Rh1+ 39. Kg2 Ne4+ 40. Kxh1 Nxg3+
41. Kg1 Bxf5 42. Nxc4 Rc2 43. Qxb4 Kh7 44. Qa3 Ne4 45. Kf1 Rh2 46. Qxa6 Rxh4
47. Ne3 Bg6 48. b4 f5 49. Nd5 Bf7 50. Qd3 Rh2 51. Ne3 Bg6 52. Qd7 Rd2 53. Nd5
Rd1+ 54. Ke2 Rd2+ 55. Kf1 Rb2 56. Kg1 h5 57. Nf4 Nf6 58. Qe7 Rd2 59. Ne6 Ne8
60. Nf8+ Kh6 61. Qe3+ 1-0

[Event "European Club Cup 2006"]
[Site "Fuegen AUT"]
[Date "2006.10.11"]
[Round "4.106"]
[White "Le Quang, Kim"]
[Black "Hisler, Thomas"]
[Result "1-0"]
[WhiteElo "2305"]
[BlackElo "2237"]
[PlyCount "39"]
[EventDate "2006.10.08"]
[EventType "team"]
[EventRounds "7"]
[EventCountry "AUT"]
[Source "lmi"]
[SourceDate "2006.10.08"]

1. e4 e5 2. Nf3 Nc6 3. Bb5 f5 4. Nc3 fxe4 5. Nxe4 Nf6 6. Nxf6+ Qxf6 7. Qe2 Be7
8. Bxc6 dxc6 9. Nxe5 O-O 10. O-O c5 11. b3 Qf5 12. d3 Bd6 13. Bb2 Be6 14. f4 h5
15. Rae1 Rae8 16. Qf3 g5 17. Qxh5 gxf4 18. Qh6 Rf6 19. Qh4 Bf8 20. g4 1-0

[Event "European Club Cup 2006"]
[Site "Fuegen AUT"]
[Date "2006.10.11"]
[Round "4.107"]
[White "Schartz, Alain"]
[Black "Akhayan, Ruben"]
[Result "1-0"]
[WhiteElo "2112"]
[BlackElo "2257"]
[PlyCount "107"]
[EventDate "2006.10.08"]
[EventType "team"]
[EventRounds "7"]
[EventCountry "AUT"]
[Source "lmi"]
[SourceDate "2006.10.08"]

1. e4 e5 2. Nf3 Nc6 3. Bc4 Nf6 4. d4 exd4 5. e5 d5 6. Bb5 Ne4 7. Nxd4 Bc5 8.
Be3 O-O 9. Nxc6 bxc6 10. Bxc5 Nxc5 11. Bxc6 Ba6 12. Nc3 Rb8 13. Qxd5 Qe7 14.
O-O-O Rbd8 15. Qf3 Qxe5 16. Qe3 Qxe3+ 17. fxe3 Rb8 18. Rd5 Ne6 19. Ra5 Bb7 20.
Bxb7 Rxb7 21. Rd1 Rfb8 22. b3 c5 23. Ne4 Rc7 24. c4 Re7 25. Nxc5 Nxc5 26. Rxc5
Rxe3 27. Rc7 a5 28. Ra7 Re5 29. Rd5 Re2 30. Rd2 Re5 31. Kd1 Rf5 32. Rad7 Kf8
33. Rd8+ Rxd8 34. Rxd8+ Ke7 35. Rd2 Ke6 36. Kc2 Rf1 37. a3 a4 38. bxa4 Rf5 39.
Kc3 Ra5 40. Kb4 Ra8 41. Rd5 f5 42. a5 g5 43. Kb5 Rb8+ 44. Ka4 Ra8 45. Rb5 g4
46. g3 h5 47. Rb6+ Ke5 48. Rh6 Kd4 49. Rxh5 Rf8 50. Kb5 Rb8+ 51. Kc6 Rf8 52. a6
Rf6+ 53. Kb5 Rf7 54. c5 1-0

[Event "European Club Cup 2006"]
[Site "Fuegen AUT"]
[Date "2006.10.11"]
[Round "4.110"]
[White "Kafka, Graeme"]
[Black "Thorfinnsson, Bjorn"]
[Result "0-1"]
[WhiteElo "2136"]
[BlackElo "2317"]
[PlyCount "74"]
[EventDate "2006.10.08"]
[EventType "team"]
[EventRounds "7"]
[EventCountry "AUT"]
[Source "lmi"]
[SourceDate "2006.10.08"]

1. e4 e5 2. Nf3 Nc6 3. Bb5 Nge7 4. c3 d6 5. h3 Bd7 6. d4 g6 7. O-O Bg7 8. Be3
O-O 9. Nbd2 Nxd4 10. cxd4 Bxb5 11. Re1 Nc6 12. Bg5 Qe8 13. a4 Ba6 14. d5 Nb4
15. Qb3 Nd3 16. Re3 Nf4 17. Qc2 c5 18. Bh4 f5 19. Nc4 Qd7 20. g3 Nxh3+ 21. Kg2
f4 22. Rea3 g5 23. Nxg5 Nxg5 24. Bxg5 Qg4 25. Bh4 f3+ 26. Kh2 Bxc4 27. Qxc4 Bf6
28. Rg1 Kh8 29. Qf1 Bxh4 30. gxh4 Qxh4+ 31. Qh3 Qxf2+ 32. Kh1 Rg8 33. Raa1 Qe3
34. Qh4 Qf4 35. Qxf4 exf4 36. Raf1 Rae8 37. Rxg8+ Kxg8 0-1

[Event "European Club Cup 2006"]
[Site "Fuegen AUT"]
[Date "2006.10.11"]
[Round "4.111"]
[White "Bjornsson, Sigurbjorn"]
[Black "Purton, Ben"]
[Result "1/2-1/2"]
[WhiteElo "2335"]
[BlackElo "2091"]
[PlyCount "78"]
[EventDate "2006.10.08"]
[EventType "team"]
[EventRounds "7"]
[EventCountry "AUT"]
[Source "lmi"]
[SourceDate "2006.10.08"]

1. e4 c5 2. Nf3 d6 3. d4 cxd4 4. Nxd4 Nf6 5. Nc3 a6 6. Be2 e6 7. g4 Be7 8. g5
Nfd7 9. h4 b5 10. Be3 Bb7 11. f3 Nb6 12. a3 N8d7 13. Rg1 g6 14. f4 d5 15. e5
Nc5 16. h5 Qc7 17. Qd2 Nc4 18. Bxc4 dxc4 19. O-O-O O-O-O 20. Qf2 Ne4 21. Nxe4
Bxe4 22. Ne2 Kb7 23. Nc3 Bc6 24. h6 a5 25. Bc5 b4 26. Nb1 Bd5 27. Bxe7 Qxe7 28.
Rd4 Rb8 29. c3 Qc5 30. Rgd1 Rhc8 31. Qc2 Qb5 32. Qd2 Kc7 33. cxb4 axb4 34. Qxb4
Qxb4 35. axb4 Rxb4 36. Nc3 Bc6 37. Ne4 Bxe4 38. Rxe4 Rcb8 39. Rd6 c3 1/2-1/2

[Event "European Club Cup 2006"]
[Site "Fuegen AUT"]
[Date "2006.10.11"]
[Round "4.112"]
[White "Armstrong, Malcolm"]
[Black "Hardarson, Robert"]
[Result "0-1"]
[WhiteElo "2101"]
[BlackElo "2310"]
[PlyCount "64"]
[EventDate "2006.10.08"]
[EventType "team"]
[EventRounds "7"]
[EventCountry "AUT"]
[Source "lmi"]
[SourceDate "2006.10.08"]

1. d4 Nf6 2. Nf3 c5 3. e3 g6 4. Bd3 Bg7 5. O-O b6 6. c4 O-O 7. Nc3 d6 8. h3 e6
9. Qe2 Bb7 10. Rd1 Qe7 11. dxc5 bxc5 12. e4 Nc6 13. Bf4 Nd4 14. Nxd4 cxd4 15.
Nb5 e5 16. Bd2 a6 17. Na3 Nd7 18. Rac1 Nc5 19. Bc2 f5 20. f3 fxe4 21. fxe4 Qh4
22. Qe1 Qxe1+ 23. Rxe1 d3 24. Bb1 Nxe4 25. Rcd1 Nxd2 26. Rxd2 e4 27. c5 dxc5
28. Nc4 Bd4+ 29. Kh1 Rad8 30. a3 Bf2 31. Red1 Rd4 32. Ne5 Be3 0-1

[Event "European Club Cup 2006"]
[Site "Fuegen AUT"]
[Date "2006.10.11"]
[Round "4.115"]
[White "Wittmann, Walter"]
[Black "Mickevicius, Juras"]
[Result "1/2-1/2"]
[WhiteElo "2333"]
[BlackElo "2273"]
[PlyCount "43"]
[EventDate "2006.10.08"]
[EventType "team"]
[EventRounds "7"]
[EventCountry "AUT"]
[Source "lmi"]
[SourceDate "2006.10.08"]

1. e4 e6 2. d4 d5 3. Nd2 dxe4 4. Nxe4 Nd7 5. Bd3 Ngf6 6. Qe2 Be7 7. Nf3 O-O 8.
O-O b6 9. c4 Bb7 10. Rd1 Nxe4 11. Bxe4 Bxe4 12. Qxe4 Nf6 13. Qe2 c6 14. Ne5 Qc7
15. Bf4 Qb7 16. Qf3 Rac8 17. a4 Nd7 18. Qg3 Nxe5 19. dxe5 Rfd8 20. Bh6 Bf8 21.
Bg5 Rd7 22. h3 1/2-1/2

[Event "European Club Cup 2006"]
[Site "Fuegen AUT"]
[Date "2006.10.11"]
[Round "4.116"]
[White "Zickus, Simonas"]
[Black "Arwanitakis, Michael"]
[Result "0-1"]
[WhiteElo "2260"]
[BlackElo "2265"]
[PlyCount "74"]
[EventDate "2006.10.08"]
[EventType "team"]
[EventRounds "7"]
[EventCountry "AUT"]
[Source "lmi"]
[SourceDate "2006.10.08"]

1. Nf3 d6 2. d4 Nf6 3. g3 g6 4. Bg2 Bg7 5. O-O O-O 6. c4 Nc6 7. d5 Na5 8. Nfd2
c5 9. Nc3 e5 10. a3 b6 11. b4 Nb7 12. Bb2 Ng4 13. h3 Nh6 14. e4 f5 15. exf5
gxf5 16. Ne2 Rf7 17. f4 e4 18. Qb3 Bd7 19. Rfb1 Qe7 20. Nf1 Kh8 21. a4 cxb4 22.
Qxb4 Ng8 23. Bxg7+ Rxg7 24. Nd4 h5 25. h4 Nh6 26. Qc3 Kh7 27. Bh3 Rag8 28. Kh2
Nc5 29. Re1 Nd3 30. Re3 Qf6 31. Ne2 Qg6 32. Nc1 Nxf4 33. Re2 Nxh3 34. Kxh3 f4+
35. Kh2 f3 36. Rb2 Qg4 37. Qe1 e3 0-1

[Event "European Club Cup 2006"]
[Site "Fuegen AUT"]
[Date "2006.10.11"]
[Round "4.117"]
[White "Wagner, Stephan"]
[Black "Limontas, Martynas"]
[Result "1/2-1/2"]
[WhiteElo "2231"]
[BlackElo "2306"]
[PlyCount "54"]
[EventDate "2006.10.08"]
[EventType "team"]
[EventRounds "7"]
[EventCountry "AUT"]
[Source "lmi"]
[SourceDate "2006.10.08"]

1. c4 Nf6 2. Nc3 Nc6 3. g3 e5 4. Bg2 Bb4 5. Nd5 Nxd5 6. cxd5 Ne7 7. Qa4 Bd6 8.
d4 exd4 9. Qxd4 O-O 10. Nf3 c6 11. dxc6 dxc6 12. O-O Nf5 13. Qc3 Qe7 14. e3 Rd8
15. a3 a5 16. b3 f6 17. Re1 Nh6 18. Bb2 Nf7 19. Qc2 Bg4 20. Nd4 Qf8 21. Qc4 Bd7
22. Ne6 Bxe6 23. Qxe6 Kh8 24. a4 Be5 25. Ba3 Bd6 26. Bb2 Be5 27. Ba3 Bd6
1/2-1/2

[Event "European Club Cup 2006"]
[Site "Fuegen AUT"]
[Date "2006.10.11"]
[Round "4.118"]
[White "Chocenka, Dmitrijus"]
[Black "Frank, Paul"]
[Result "1-0"]
[WhiteElo "2272"]
[BlackElo "2189"]
[PlyCount "159"]
[EventDate "2006.10.08"]
[EventType "team"]
[EventRounds "7"]
[EventCountry "AUT"]
[Source "lmi"]
[SourceDate "2006.10.08"]

1. e4 c5 2. Nf3 Nc6 3. d4 cxd4 4. Nxd4 Qb6 5. Nb3 Nf6 6. Nc3 e6 7. Be3 Qc7 8.
Bd3 a6 9. O-O d6 10. f4 Be7 11. Qf3 Nb4 12. Kh1 O-O 13. a3 Nxd3 14. cxd3 b5 15.
Rac1 Qd7 16. Nd4 Bb7 17. Qh3 Rfc8 18. Nf3 a5 19. Ne2 b4 20. axb4 axb4 21. Bd4
Rxc1 22. Rxc1 Rc8 23. Ne1 Qa4 24. Qe3 Rxc1 25. Qxc1 Qc6 26. Qxc6 Bxc6 27. Kg1
Bb5 28. Kf2 e5 29. Bb6 Kf8 30. h3 exf4 31. Nxf4 g5 32. Ne2 d5 33. e5 Nd7 34.
Bd4 Nc5 35. Ke3 Ke8 36. Ng3 Bd7 37. Bxc5 Bxc5+ 38. d4 Be7 39. Nd3 Kd8 40. Nc5
Bc8 41. Nh5 Kc7 42. Nf6 Kc6 43. Nxh7 g4 44. hxg4 Bxg4 45. Nf6 Bf5 46. Nd3 b3
47. Kd2 Be4 48. Kc3 Bxg2 49. Kxb3 Bd8 50. Nb4+ Kb5 51. Nfxd5 Bf1 52. Nc3+ Kb6
53. Ne4 Kc7 54. Nd6 Bh3 55. Kc3 f5 56. Nd5+ Kd7 57. Nf4 Bg4 58. Kd3 Ba5 59. Nf7
Bf3 60. Nd6 Bg4 61. Nc4 Bb4 62. Ne3 Be7 63. Nxg4 fxg4 64. Ke4 Bg5 65. Ng2 Bc1
66. b3 Bb2 67. d5 g3 68. b4 Ba3 69. b5 Bc5 70. Kf5 Ke7 71. Kf4 Bf2 72. d6+ Ke6
73. Ke4 Bc5 74. Nf4+ Kd7 75. Kd5 Be3 76. e6+ Ke8 77. Ng2 Bf2 78. Kc6 Kd8 79. b6
Kc8 80. e7 1-0

[Event "European Club Cup 2006"]
[Site "Fuegen AUT"]
[Date "2006.10.11"]
[Round "4.119"]
[White "Hatzl, Johannes"]
[Black "Lipskij, Valerij"]
[Result "0-1"]
[WhiteElo "2113"]
[BlackElo "2140"]
[PlyCount "66"]
[EventDate "2006.10.08"]
[EventType "team"]
[EventRounds "7"]
[EventCountry "AUT"]
[Source "lmi"]
[SourceDate "2006.10.08"]

1. e4 d5 2. exd5 Nf6 3. Bb5+ Bd7 4. Bc4 Bg4 5. f3 Bf5 6. Nc3 Nbd7 7. Bb3 Nb6 8.
Qe2 Qd7 9. d6 cxd6 10. a4 Qc8 11. a5 Nbd7 12. d4 e5 13. g4 Bg6 14. f4 h5 15. g5
Nh7 16. fxe5 dxe5 17. Nf3 Bb4 18. O-O Bxc3 19. bxc3 O-O 20. dxe5 Nc5 21. Bd5
Qg4+ 22. Qg2 Bxc2 23. Ba3 Rac8 24. Nd4 Bd3 25. Rfd1 Nxg5 26. Bxb7 Nh3+ 27. Kh1
Nxb7 28. Rxd3 Qxg2+ 29. Kxg2 Nf4+ 30. Kf3 Nxd3 31. Bxf8 Kxf8 32. Ke4 Nf2+ 33.
Kf3 Ng4 0-1